000
00272nam a2200133Ia 4500
100
_a
National instruments
650
_a
Labview
942
_c
BK
245
_a
Labview basics II development
260
_b
#N/A
082
_a
5.133
_b
NAT
546
_a
ENGLISH
999
_c
24805
_d
24805